[Event "GBR-ch AM op 106th"]
[Site "Torquay"]
[Date "2019.07.30"]
[Round "2"]
[White "Staniland, Philip"]
[Black "Robinson, James M"]
[Result "0-1"]
[WhiteElo "1963"]
[BlackElo "1794"]
[PlyCount "64"]
[EventDate "2019.07.29"]
[EventType "swiss"]
[EventRounds "5"]
[EventCountry "ENG"]
[SourceTitle "EXT 2021"]
[Source "ChessBase"]
[SourceDate "2020.10.23"]
[SourceVersion "1"]
[SourceVersionDate "2020.10.23"]
[SourceQuality "1"]

1. Nf3 d5 2. g3 g6 3. Bg2 Bg7 4. d3 e5 5. 0-0 Ne7 6. Nbd2 0-0 7. c3 c5 8. e4 d4 9. cxd4 cxd4 10. Nc4 Nbc6 11. a4 h6 12. Re1 Be6 13. b3 a6 14. Ba3 Re8 15. Nd6 Rf8 16. Nxb7 Qb6 17. Nc5 Bc8 18. Rb1 Nb4 19. Bxb4 Qxb4 20. Qc2 Rb8 21. Qc4 Rd8 22. Qxb4 Rxb4 23. Rec1 Rd6 24. Rc4 Rdb6 25. Rxb4 Rxb4 26. a5 Nc6 27. Ne1 Bf8 28. Rc1 Nxa5 29. Nxa6 Bxa6 30. Ra1 Rb5 31. Bh3 Bb7 32. Bd7 Bc6 0-1

[Event "IECC Swiss-541.2"]
[Site "IECC email"]
[Date "2009.10.22"]
[Round "?"]
[White "Poblete, Litos"]
[Black "Robinson, James M"]
[Result "0-1"]
[WhiteElo "1664"]
[BlackElo "1756"]
[PlyCount "76"]
[EventDate "2009.??.??"]
[EventType "tourn (corr)"]
[EventRounds "1"]
[SourceTitle "Telechess CBM 137"]
[Source "ChessBase"]
[SourceDate "2010.07.15"]
[SourceVersion "1"]
[SourceVersionDate "2010.07.15"]
[SourceQuality "1"]
[WhiteTeam "Philippines"]
[BlackTeam "US of America"]
[WhiteTeamCountry "PHI"]
[BlackTeamCountry "USA"]

1. d4 c6 2. c4 d5 3. cxd5 cxd5 4. Nf3 Nf6 5. Nc3 Nc6 6. Bf4 Bf5 7. e3 Qb6 8. Qc1 e6 9. Be2 Be7 10. 0-0 0-0 11. Nh4 Bg4 12. Bxg4 Nxg4 13. Nf3 Nf6 14. Ne5 Nxe5 15. Bxe5 Nd7 16. Bg3 Rac8 17. Qd2 Qa5 18. Rfc1 Nb6 19. Qe2 Rc4 20. h3 Bb4 21. Nd1 Rfc8 22. Rxc4 Nxc4 23. a3 Nd2 24. f3 Nb3 25. Rb1 Bd2 26. Kh2 Qa4 27. Qd3 Qc4 28. Qxc4 Rxc4 29. Bb8 a6 30. Bd6 b5 31. Kg3 Be1+ 32. Kh2 Rc2 33. Kg1 h5 34. Bf4 f5 35. Kh1 Kf7 36. Bg5 Bg3 37. Kg1 h4 38. Kh1 Nc1 0-1

[Event "Liape ch-1 zone-A gr-09 email"]
[Site "Liape email"]
[Date "2003.05.06"]
[Round "4"]
[White "Quinones, Cesar Luis"]
[Black "Robinson, James M"]
[Result "1-0"]
[WhiteElo "2144"]
[BlackElo "1600"]
[PlyCount "37"]
[EventDate "2003.??.??"]
[EventType "tourn (corr)"]
[EventRounds "6"]
[EventCountry "ARG"]
[SourceTitle "Corr 2006"]
[Source "ChessBase"]
[SourceDate "2006.04.01"]
[SourceVersion "3"]
[SourceVersionDate "2006.04.01"]
[SourceQuality "1"]

1. e4 d6 2. d4 Nf6 3. Nc3 g6 4. Nf3 Bg7 5. Be2 0-0 6. 0-0 c6 7. Re1 Nbd7 8. e5 dxe5 9. dxe5 Ng4 10. e6 fxe6 11. h3 Nge5 12. Nxe5 Nxe5 13. Be3 Qc7 14. Ne4 b6 15. c4 c5 16. Qc2 Bb7 17. Rad1 Rad8 18. Bf1 Rxd1 19. Rxd1 1-0